000 00322nam a2200157Ia 4500
100 _aCampione/ Mary
250 _a5
942 _cBK
654 _aComputer
245 _aJava Tutorial
260 _bADDISON WESLEY
_aNew Delhi
_c1998
082 _a005.13 (J)
_bCAM
300 _a964
546 _aENGLISH
999 _c32291
_d32291